Estatutos generales de la abogacía y de los procuradores de los tribunales
Descripción Física:
59 p. ; 21 cm
MARC
| LEADER | 00000nam a2200000Ia 4500 | ||
|---|---|---|---|
| 001 | 14258 | ||
| 008 | 160829s1982 xx 000 0 cat d | ||
| 080 | |a D-2-140 | ||
| 100 | |a Espanya. Lleis, etc. |9 23269 | ||
| 245 | |a Estatutos generales de la abogacía y de los procuradores de los tribunales | ||
| 260 | |a Madrid : |b Boletín Oficial del Estado, |c 1982 | ||
| 300 | |a 59 p. ; |c 21 cm | ||
| 490 | |a Separatas del Boletín Oficial del Estado. Gaceta de Madrid | ||
| 590 | |a Conté: Reales Decretos 2090/1982, de 24 de julio i 2046/1982, de 30 de julio | ||
| 650 | |a Advocats |x Espanya |x Estatuts |9 24736 | ||
| 650 | |a Procuradors de tribunals |x Espanya |x Estatuts |9 24737 | ||
| 901 | |a Arxiu | ||
| 942 | |n 1 | ||
| 952 | |0 0 |1 0 |4 0 |6 D2140 |7 1 |9 43294 |a Arxiu |b Arxiu |d 2016-12-01 |l 0 |o D-2-140 |p 14258 |r 2016-12-01 00:00:00 |w 2016-12-01 |y ARXIU | ||
| 999 | |c 45839 |d 45839 | ||